Privatizácia Slovenských telekomunikácií

Z obsahu: Podľa rezortného ministerstva by sa Slovenské telekomunikácie mali privatizovať. Na vlastníctvo ST si nárokuje firma Herold Tele Media. Nad privatizáciou SPT Telecom dodnes visia otázniky.

Guardado en:
Detalles Bibliográficos
Autor principal: Andacký, Jozef
Formato: Capítulo de libro
Lenguaje:eslovaco
Materias:
Etiquetas: Agregar Etiqueta
Sin Etiquetas, Sea el primero en etiquetar este registro!

MARC

LEADER 00000naa a2200000 4500
001 r031606
005 20230921084211.0
041 0 |a slo 
044 |a SK 
245 1 0 |a Privatizácia Slovenských telekomunikácií  |c Jozef Andacký 
520 |a Z obsahu: Podľa rezortného ministerstva by sa Slovenské telekomunikácie mali privatizovať. Na vlastníctvo ST si nárokuje firma Herold Tele Media. Nad privatizáciou SPT Telecom dodnes visia otázniky. 
610 2 0 |a telekomunikácie 
610 2 0 |a privatizácia 
610 2 0 |a Slovensko 
610 2 0 |a Slovenské telekomunikácie, š.p. Bratislava 
610 2 0 |a Herold Tele Media, s.r.o. Láb 
610 2 0 |a SPT Telecom, a.s. Praha 
610 2 0 |a Česko 
100 1 |a Andacký, Jozef